[Event "?"]
[Site "?"]
[Date "2013.07.19"]
[Round "1.1"]
[White "Rokitta, Norbert"]
[Black "Knütter, Helmut"]
[Result "1/2-1/2"]
[WhiteElo "1583"]
[BlackElo "1714"]
[PlyCount "52"]
[EventDate "2013.??.??"]
[WhiteTeam "SF Lohmar 1974 e.V."]
[BlackTeam "SK Sülz-Klettenberg"]

1. e4 e6 2. Nf3 d5 3. e5 c5 4. b4 c4 5. c3 Bd7 6. a4 a6 7. d4 g6 8. Be2 Bg7 9.
Nbd2 Nh6 10. Nf1 Nf5 11. Ng3 Nxg3 12. hxg3 Nc6 13. Be3 Ne7 14. Qd2 Ng8 15. Ng5
h6 16. Nf3 Bc6 17. Nh2 Qd7 18. Bd1 Qe7 19. f4 Bd7 20. Bc2 h5 21. Nf3 Nh6 22.
Nh2 b6 23. Ke2 O-O-O 24. b5 a5 25. Qd1 Kb7 26. Bc1 Qe8 1/2-1/2

[Event "?"]
[Site "?"]
[Date "2013.07.19"]
[Round "1.2"]
[White "Herms, Stefan"]
[Black "Medvedev, Alexander"]
[Result "1-0"]
[WhiteElo "1710"]
[BlackElo "1580"]
[PlyCount "70"]
[EventDate "2013.??.??"]
[WhiteTeam "SC Erkrath 1973"]
[BlackTeam "Düsseldorfer SV 1854"]

1. e4 c5 2. Nc3 d6 3. g3 g6 4. Bg2 Bg7 5. d3 Nc6 6. Be3 e6 7. Qd2 Nge7 8. Bh6
O-O 9. h4 f6 10. Bxg7 Kxg7 11. h5 g5 12. h6+ Kh8 13. f4 Ng6 14. fxg5 fxg5 15.
O-O-O g4 16. Qe3 a6 17. Nge2 Bd7 18. Nf4 Nge5 19. Nh5 Nd4 20. Rdf1 Nef3 21.
Bxf3 Nxf3 22. Rf2 b5 23. Rhf1 b4 24. Ne2 Qe7 25. Nhf4 Qg5 26. Ng2 Qe7 27. Nef4
Rf6 28. Nh5 Rf7 29. Nh4 Raf8 30. Nxf3 Rxf3 31. Rxf3 Rxf3 32. Rxf3 gxf3 33. Qxf3
Qg5+ 34. Qf4 Qe7 35. e5 d5 1-0

[Event "?"]
[Site "?"]
[Date "2013.07.19"]
[Round "1.3"]
[White "Engel, Johann"]
[Black "Stelzer, Wolfgang"]
[Result "1/2-1/2"]
[WhiteElo "1575"]
[BlackElo "1694"]
[PlyCount "86"]
[EventDate "2013.??.??"]
[WhiteTeam "Brühler SK 1920 e.V."]
[BlackTeam "SC Wittlich 1947"]

1. d4 c5 2. Nf3 e6 3. c4 Be7 4. Nc3 cxd4 5. Nxd4 a6 6. e3 Nf6 7. Be2 Qc7 8. O-O
O-O 9. Bd2 Nc6 10. Rc1 b6 11. Nxc6 dxc6 12. Qb3 Rb8 13. Rfd1 c5 14. Bf3 Bb7 15.
Bxb7 Qxb7 16. Ne2 Rbd8 17. Bc3 Ne4 18. Be5 f6 19. Bf4 e5 20. Bg3 Qc6 21. Nc3
Rxd1+ 22. Rxd1 Nxc3 23. Qxc3 Rd8 24. Rxd8+ Bxd8 25. Qd3 Bc7 26. e4 Qd6 27. Qd5+
Qxd5 28. exd5 f5 29. f3 Kf7 30. Kf1 Kf6 31. Ke2 g5 32. Kd3 Bd6 33. Be1 h5 34.
Bc3 Kg6 35. g3 g4 36. Ke2 Kg5 37. f4+ exf4 38. Bd2 h4 39. Bxf4+ Bxf4 40. gxf4+
Kf6 41. Kf2 Ke7 42. a4 Kd6 43. b3 b5 1/2-1/2

[Event "?"]
[Site "?"]
[Date "2013.07.19"]
[Round "1.4"]
[White "Kronseder, Michael"]
[Black "Johnen, Franz"]
[Result "1-0"]
[WhiteElo "1689"]
[BlackElo "1565"]
[PlyCount "66"]
[EventDate "2013.??.??"]
[WhiteTeam "SV 1925 Hürth-Berrenra"]
[BlackTeam "SVigung 1928 Alsdorf e"]

1. e4 c5 2. Nc3 e6 3. f4 f5 4. d3 Nc6 5. Nf3 d5 6. e5 d4 7. Nb1 Nge7 8. c4 Ng6
9. g3 Be7 10. Bg2 a6 11. O-O O-O 12. Na3 Rb8 13. Nc2 b5 14. b3 b4 15. Nce1 Bd7
16. a4 Qc7 17. Ra2 a5 18. h4 h6 19. Bh1 Nh8 20. h5 Kh7 21. Ng2 Be8 22. Nfh4 g5
23. hxg6+ Nxg6 24. Nxg6 Bxg6 25. Qf3 Be8 26. g4 Nd8 27. g5 Rg8 28. Qh3 Bf8 29.
Nh4 hxg5 30. Nxf5+ Kg6 31. fxg5 exf5 32. Qxf5+ Kg7 33. Qf6+ Kh7 1-0

[Event "?"]
[Site "?"]
[Date "2013.07.19"]
[Round "1.5"]
[White "Gail, Edgar"]
[Black "Reinartz, Ulrich"]
[Result "1/2-1/2"]
[WhiteElo "1554"]
[BlackElo "1676"]
[PlyCount "105"]
[EventDate "2013.??.??"]
[WhiteTeam "Klub Kölner SF e.V. 1"]
[BlackTeam "vereinslos"]

1. e4 c5 2. Nf3 Nc6 3. d4 cxd4 4. Nxd4 e5 5. Nb5 a6 6. Nd6+ Bxd6 7. Qxd6 Qf6 8.
Qd2 Qg6 9. Nc3 Nf6 10. f3 O-O 11. Bc4 b5 12. Bb3 b4 13. Nd5 a5 14. Bc4 Nxd5 15.
Bxd5 Ba6 16. Kf2 Rac8 17. c3 Rfd8 18. Qg5 Qxg5 19. Bxg5 Re8 20. Rac1 bxc3 21.
bxc3 h6 22. Be3 Ne7 23. Rhd1 Kf8 24. Bb3 Bb5 25. a4 Bc6 26. Rb1 f5 27. exf5
Nxf5 28. Bb6 Ra8 29. Bd5 Rec8 30. Be4 Ne7 31. Rd6 Ke8 32. Rbd1 Rcb8 33. Bxc6
dxc6 34. Bc5 Rb2+ 35. Kf1 Nf5 36. Re6+ Kf7 37. Rxe5 g6 38. Rd7+ Kf6 39. Re2
Rb1+ 40. Kf2 h5 41. Rc7 Rd8 42. g4 hxg4 43. fxg4 Rh8 44. gxf5 Rxh2+ 45. Ke3
Rh3+ 46. Kd2 Rb2+ 47. Kd1 Rh1+ 48. Re1 Rb1+ 49. Kd2 Rhxe1 50. fxg6 Rbd1+ 51.
Kc2 Rc1+ 52. Kd2 Red1+ 53. Ke2 1/2-1/2

[Event "?"]
[Site "?"]
[Date "2013.07.19"]
[Round "1.6"]
[White "Herrmann, Andreas"]
[Black "Kühlwein, Ralf"]
[Result "1-0"]
[WhiteElo "1669"]
[BlackElo "1553"]
[PlyCount "65"]
[EventDate "2013.??.??"]
[WhiteTeam "Düsseldorfer SK 14/25 e."]
[BlackTeam "Klub Kölner SF e.V. 1"]

1. c4 c6 2. d4 d5 3. e3 Nf6 4. Nc3 e6 5. Nf3 Bb4 6. Bd2 Nbd7 7. a3 Bxc3 8. Bxc3
O-O 9. b4 a6 10. Bd3 dxc4 11. Bxc4 Ne4 12. Qc2 Ndf6 13. Bd3 Qd5 14. O-O Nxc3
15. Qxc3 Qh5 16. Ne5 Nd7 17. Nc4 f6 18. Qc2 g6 19. Be2 Qg5 20. f4 Qh6 21. Rf3
Rf7 22. Nd6 Re7 23. Rg3 Qf8 24. f5 Rg7 25. Nxc8 Qxc8 26. fxg6 hxg6 27. Rxg6 Qf8
28. Rf1 f5 29. Rxe6 Re8 30. Bc4 Kh8 31. Qxf5 Rxe6 32. Qxf8+ Nxf8 33. Rxf8+ 1-0

[Event "?"]
[Site "?"]
[Date "2013.07.19"]
[Round "1.7"]
[White "Stupp, Gereon"]
[Black "Havenith, Michael"]
[Result "0-1"]
[WhiteElo "1529"]
[BlackElo "1667"]
[PlyCount "34"]
[EventDate "2013.??.??"]
[WhiteTeam "SG Neuss/Norf e."]
[BlackTeam "SV Würselen 1926 e.V."]

1. e4 c6 2. d4 d5 3. exd5 cxd5 4. c4 Nf6 5. Nc3 Nc6 6. Nf3 Bg4 7. Be3 e6 8.
cxd5 Nxd5 9. Be2 Bb4 10. Rc1 Qa5 11. Qb3 Qb6 12. O-O Bxc3 13. bxc3 O-O 14. Rc2
Rac8 15. Rfc1 Qxb3 16. axb3 Na5 17. Bd2 Nxb3 0-1

[Event "?"]
[Site "?"]
[Date "2013.07.19"]
[Round "1.8"]
[White "Miranda Laferte, Erick"]
[Black "Yon, Gregory"]
[Result "1-0"]
[WhiteElo "1664"]
[BlackElo "1523"]
[PlyCount "113"]
[EventDate "2013.??.??"]
[WhiteTeam "Hannover 96"]
[BlackTeam "Turnerschaft Bergisch Gladbach 1"]

1. d4 Nf6 2. c4 g6 3. Nc3 Bg7 4. Nf3 O-O 5. e4 d6 6. Be2 e5 7. d5 c6 8. O-O
cxd5 9. cxd5 Nbd7 10. Bg5 h6 11. Bxf6 Nxf6 12. Rc1 Bd7 13. Qb3 Rb8 14. Rfe1 a6
15. h3 Nh5 16. Qb4 Qe7 17. Bf1 f5 18. exf5 gxf5 19. Ne2 e4 20. Nd2 Rfc8 21. Nc4
Bf8 22. Nb6 Rxc1 23. Rxc1 Bb5 24. Qc3 Bg7 25. Qd2 Qd8 26. Nc4 Kh7 27. Nd4 Bxd4
28. Qxd4 Rc8 29. b3 Be8 30. Qd2 b5 31. Ne3 Bd7 32. Rc3 Qh8 33. Rc2 Rxc2 34.
Qxc2 Qc8 35. Qb1 Qc3 36. g4 Ng3 37. Nxf5 Nxf1 38. Qxe4 Bxf5 39. Qxf5+ Kh8 40.
Kxf1 Qxh3+ 41. Kg1 Qc3 42. Qf8+ Kh7 43. Qxd6 Qe1+ 44. Kg2 Qe4+ 45. Kg3 Qd3+ 46.
Kh2 Qf3 47. Qc7+ Kh8 48. Qc8+ Kg7 49. Qf5 Qxf5 50. gxf5 Kf6 51. d6 Kf7 52. Kg3
Ke8 53. f6 b4 54. Kg4 a5 55. Kh5 a4 56. Kxh6 a3 57. Kg7 1-0

[Event "?"]
[Site "?"]
[Date "2013.07.19"]
[Round "1.9"]
[White "Lennartz, Ludwig"]
[Black "Plitt, Stefan"]
[Result "0-1"]
[WhiteElo "1512"]
[BlackElo "1664"]
[PlyCount "33"]
[EventDate "2013.??.??"]
[WhiteTeam "DJK Arminia Eilendorf 1919 e.V."]
[BlackTeam "SV Grünfeld e.V."]

1. e4 d5 2. a3 dxe4 3. Nc3 Nf6 4. Qe2 Nc6 5. Nxe4 Nd4 6. Nxf6+ gxf6 7. Qc4 e5
8. Ne2 b5 9. Qc3 b4 10. axb4 Bxb4 11. Qd3 Bf5 12. Qc4 Nxc2+ 13. Kd1 Nxa1 14.
Qxb4 c6 15. Ng3 Bc2+ 16. Ke1 Bb3 17. Nf5 0-1

[Event "?"]
[Site "?"]
[Date "2013.07.19"]
[Round "1.10"]
[White "Stetefeldt, Mario"]
[Black "Sewald, Jörg"]
[Result "0-1"]
[WhiteElo "1656"]
[BlackElo "1481"]
[PlyCount "55"]
[EventDate "2013.??.??"]
[WhiteTeam "SK Sülz-Klettenberg"]
[BlackTeam "SF Esch e.V."]

1. e4 d6 2. d4 g6 3. f4 Nd7 4. Be3 b6 5. Be2 Bb7 6. Bf3 e6 7. Nc3 Bg7 8. Qd2
Ne7 9. Nge2 a6 10. O-O-O b5 11. a3 d5 12. Ng3 c6 13. h4 h5 14. Qf2 a5 15. exd5
Nxd5 16. Bxd5 exd5 17. Bd2 O-O 18. f5 b4 19. Nb1 bxa3 20. Nxa3 Qb6 21. Bc3 Ne5
22. Qd2 Ng4 23. Rde1 Bh6 24. Qxh6 Nxh6 25. fxg6 fxg6 26. Re6 Kh7 27. Re7+ Rf7
28. Rf1 0-1

[Event "?"]
[Site "?"]
[Date "2013.07.19"]
[Round "1.11"]
[White "Masalsky, Boris"]
[Black "Kürten, Lothar"]
[Result "0-1"]
[WhiteElo "1475"]
[BlackElo "1653"]
[PlyCount "24"]
[EventDate "2013.??.??"]
[WhiteTeam "LSV Turm Lippstadt"]
[BlackTeam "SF Köln-Longerich 195"]

1. e4 e6 2. d4 d5 3. e5 c5 4. c3 Qb6 5. Nf3 Nc6 6. Be2 cxd4 7. cxd4 Nge7 8. Na3
Nf5 9. Nc2 Bb4+ 10. Bd2 Bxd2+ 11. Qxd2 Qxb2 12. O-O Nfxd4 0-1

[Event "?"]
[Site "?"]
[Date "2013.07.19"]
[Round "1.12"]
[White "Hiendl, Robert"]
[Black "Breuer, Achim"]
[Result "1/2-1/2"]
[WhiteElo "1638"]
[BlackElo "1473"]
[PlyCount "43"]
[EventDate "2013.??.??"]
[WhiteTeam "SF Lohmar 1974 e.V."]
[BlackTeam "SV Bayer Dormagen 47"]

1. c4 e6 2. g3 Nf6 3. Nc3 d5 4. cxd5 exd5 5. Bg2 c6 6. d4 Qb6 7. Nf3 Bd6 8. O-O
O-O 9. Qc2 Bg4 10. e3 Nbd7 11. Bd2 Rfe8 12. Rfc1 Qd8 13. Na4 Ne4 14. Be1 Qf6
15. Nd2 Nxd2 16. Bxd2 Bf5 17. Qb3 Rab8 18. Bb4 a5 19. Bxd6 Qxd6 20. h4 Nf6 21.
Nc3 Ng4 22. Re1 1/2-1/2

[Event "?"]
[Site "?"]
[Date "2013.07.19"]
[Round "1.13"]
[White "Jansen, Kurt"]
[Black "Margenberg, Volker"]
[Result "1-0"]
[WhiteElo "1460"]
[BlackElo "1625"]
[PlyCount "109"]
[EventDate "2013.??.??"]
[WhiteTeam "SK Sülz-Klettenberg"]
[BlackTeam "SV Wiehl 1923 e.V."]

1. e4 e6 2. d4 d5 3. exd5 exd5 4. Bd3 Bd6 5. Ne2 Nf6 6. Bf4 Nc6 7. Bxd6 Qxd6 8.
c3 Ne7 9. Ng3 Bd7 10. Nd2 O-O 11. O-O Ng4 12. Re1 f5 13. Nf3 Ng6 14. h3 Nh6 15.
Ne5 Nxe5 16. Rxe5 Rae8 17. f4 Rxe5 18. dxe5 Qc5+ 19. Kh2 Qe3 20. Qf3 Qxf3 21.
gxf3 g6 22. h4 Nf7 23. Re1 Nd8 24. Ne2 Ne6 25. Kg3 c5 26. b3 Rb8 27. Rd1 Bc6
28. a3 b5 29. Bc2 a5 30. Kf2 Kf7 31. Kg3 b4 32. axb4 axb4 33. cxb4 Rxb4 34. Ra1
h5 35. Ra6 Bb5 36. Ra7+ Ke8 37. Nc3 Bc6 38. Ra6 Kd7 39. Nxd5 Rd4 40. Nf6+ Kc7
41. Ra7+ Kb6 42. Ra2 Rxf4 43. Bd1 Rd4 44. Be2 Nc7 45. Bc4 Bd5 46. Nxd5+ Nxd5
47. Bxd5 Rxd5 48. Kf4 Rd4+ 49. Kg5 Rd3 50. Re2 Kc7 51. e6 Kd8 52. Kf6 Ke8 53.
Rc2 Rxb3 54. Rxc5 Rb8 55. Rc7 1-0

[Event "?"]
[Site "?"]
[Date "2013.07.19"]
[Round "1.14"]
[White "Beißel, Daniel"]
[Black "Thierkopf, Constantin"]
[Result "1/2-1/2"]
[WhiteElo "1615"]
[BlackElo "1460"]
[PlyCount "82"]
[EventDate "2013.??.??"]
[WhiteTeam "SV Horrem 1948"]
[BlackTeam "Brühler SK 1920 e.V."]

1. d4 d5 2. c4 c6 3. Nf3 Nf6 4. e3 e6 5. Bd3 Bb4+ 6. Nbd2 O-O 7. O-O Nbd7 8. e4
Bxd2 9. Nxd2 e5 10. exd5 cxd5 11. cxd5 exd4 12. Nf3 Nxd5 13. Nxd4 Nc5 14. Bb1
Qd6 15. Nf5 Bxf5 16. Bxf5 Qe5 17. Bb1 Rad8 18. Re1 Qf6 19. Qc2 g6 20. Qxc5 Rfe8
21. Rxe8+ Rxe8 22. Qa5 Nc3 23. Bd2 Re2 24. Bf5 Rxd2 25. bxc3 Qxf5 26. Qxf5 gxf5
27. h3 Rc2 28. Rb1 b6 29. a4 Rxc3 30. a5 Rc6 31. axb6 Rxb6 32. Ra1 Rb7 33. Ra6
Kf8 34. Kh2 f4 35. h4 Kg7 36. Kh3 f5 37. Ra4 Kg6 38. Rxf4 a5 39. Ra4 Ra7 40.
Kg3 Kf6 41. Kf4 h6 1/2-1/2

[Event "?"]
[Site "?"]
[Date "2013.07.19"]
[Round "1.15"]
[White "Schröter, Ron"]
[Black "Hiendl, David"]
[Result "0-1"]
[WhiteElo "1452"]
[BlackElo "1603"]
[PlyCount "72"]
[EventDate "2013.??.??"]
[WhiteTeam "SG Porz e.V."]
[BlackTeam "SF Lohmar 1974 e.V."]

1. e4 e6 2. d4 d5 3. e5 c5 4. c3 Nc6 5. Bb5 Bd7 6. Nf3 Qb6 7. Na3 a6 8. Bxc6
bxc6 9. c4 cxd4 10. Qxd4 Bc5 11. Qh4 Qb4+ 12. Nd2 Ne7 13. Nc2 Qb6 14. cxd5 cxd5
15. b4 Bxf2+ 16. Qxf2 Qc7 17. Nb3 Qxe5+ 18. Qe2 Qd6 19. O-O Bb5 20. Qg4 Bxf1
21. Kxf1 g6 22. Bb2 Rg8 23. Qh4 h5 24. Bd4 Nf5 25. Bc5 Qxc5 26. Nxc5 Nxh4 27.
h3 Nf5 28. Re1 Ke7 29. g4 hxg4 30. hxg4 Nd6 31. Ne3 Kd8 32. g5 Rh8 33. Ng4 Rh1+
34. Kf2 Rxe1 35. Kxe1 a5 36. bxa5 Rxa5 0-1

[Event "?"]
[Site "?"]
[Date "2013.07.19"]
[Round "1.16"]
[White "Baltic, Fatih"]
[Black "Smets, Heike"]
[Result "1-0"]
[WhiteElo "1591"]
[BlackElo "1445"]
[PlyCount "81"]
[EventDate "2013.??.??"]
[WhiteTeam "DJK Aufwärts St. Josef Aachen 19"]
[BlackTeam "vereinslos"]

1. e4 e5 2. Nf3 Nc6 3. Bb5 Nge7 4. O-O a6 5. Bxc6 Nxc6 6. d4 exd4 7. Nxd4 Qf6
8. Nxc6 Qxc6 9. Nc3 Bc5 10. Be3 Bxe3 11. fxe3 O-O 12. Nd5 Kh8 13. Qd4 b5 14.
Ne7 Qxc2 15. Nf5 f6 16. Rac1 Qe2 17. Rxc7 d5 18. Ng3 Qg4 19. Qxd5 Be6 20. Qh5
Qxh5 21. Nxh5 Rg8 22. a3 Bc4 23. Rf5 g6 24. Nxf6 Rg7 25. Rxg7 Kxg7 26. Rf2 Rd8
27. g3 Be6 28. Kg2 Bc8 29. Nd5 Bb7 30. Rd2 Re8 31. Kf3 h5 32. Rc2 Rf8+ 33. Ke2
Bc8 34. Rc7+ Kh6 35. Kd3 Kg5 36. Rc6 Rd8 37. h4+ Kh6 38. Kd4 a5 39. Rb6 Bd7 40.
Rd6 Kg7 41. Nb6 1-0

[Event "?"]
[Site "?"]
[Date "2013.07.19"]
[Round "1.17"]
[White "Biermann, Florian"]
[Black "Krug, Franz-Dieter"]
[Result "1/2-1/2"]
[WhiteElo "1290"]
[BlackElo "1443"]
[PlyCount "44"]
[EventDate "2013.??.??"]
[WhiteTeam "TuS Ende 1892 e.V."]
[BlackTeam "SVigung 1928 Alsdorf e"]

1. Nf3 d6 2. d4 Nf6 3. c4 e6 4. Nc3 Be7 5. e4 O-O 6. Be2 Kh8 7. O-O h6 8. Bf4
Nh7 9. Qd2 Nd7 10. Rad1 Qe8 11. Nb5 Bd8 12. e5 a6 13. Nc3 Be7 14. Bd3 f6 15.
exd6 Bxd6 16. Bg3 Ng5 17. Nh4 f5 18. h3 Rf6 19. Rfe1 Qh5 20. Qe2 Qxe2 21. Rxe2
Bxg3 22. fxg3 b6 1/2-1/2

[Event "?"]
[Site "?"]
[Date "2013.07.19"]
[Round "1.18"]
[White "Rebischke, Florian"]
[Black "Schumacher, Markus"]
[Result "1/2-1/2"]
[WhiteElo "1440"]
[BlackElo "1283"]
[PlyCount "111"]
[EventDate "2013.??.??"]
[WhiteTeam "SF Köln-Mülheim e.V."]
[BlackTeam "Godesberger SK 1929 e.V."]

1. e4 d6 2. d4 Nf6 3. Nc3 g6 4. Be3 Bg7 5. Qd2 Ng4 6. Bf4 O-O 7. h3 Nf6 8. Bh6
e5 9. Bxg7 Kxg7 10. d5 Nbd7 11. g4 a5 12. g5 Nh5 13. Be2 Nf4 14. h4 Ng2+ 15.
Kf1 Nf4 16. Bf3 Nc5 17. Nge2 Bh3+ 18. Kg1 Nxe2+ 19. Qxe2 Qd7 20. Bg2 Bg4 21. f3
Bh5 22. Kf2 Qe7 23. Raf1 Rae8 24. Ke1 c6 25. Qe3 f5 26. gxf6+ Rxf6 27. Ne2 cxd5
28. exd5 e4 29. f4 Bxe2 30. Kxe2 Rf5 31. Qd4+ Qf6 32. Qxf6+ Kxf6 33. c4 Nd3 34.
Ke3 Nxb2 35. Bxe4 Nxc4+ 36. Kd3 Rh5 37. Bf3 Nb6 38. Bxh5 gxh5 39. Kd4 Kf5 40.
Re1 Rxe1 41. Rxe1 Kxf4 42. Re6 Nc8 43. Re8 Nb6 44. Rd8 Kg4 45. Rxd6 Nc8 46. Rd7
Kxh4 47. Rxb7 Kg3 48. Rxh7 h4 49. a4 h3 50. Kc5 h2 51. Kb5 Nd6+ 52. Kxa5 Nf5
53. Kb6 Nh4 54. Rg7+ Kh3 55. d6 h1=Q 56. d7 1/2-1/2

[Event "?"]
[Site "?"]
[Date "2013.07.19"]
[Round "1.19"]
[White "Hoferichter, Michael"]
[Black "van der Valk, Reiner"]
[Result "0-1"]
[WhiteElo "1269"]
[BlackElo "1431"]
[PlyCount "108"]
[EventDate "2013.??.??"]
[WhiteTeam "Klub Kölner SF e.V. 1"]
[BlackTeam "SG Nettetal 1929"]

1. e4 c6 2. d4 d5 3. exd5 cxd5 4. c4 Nf6 5. Nc3 e6 6. Nf3 Bb4 7. cxd5 exd5 8.
Bb5+ Bd7 9. Bxd7+ Nbxd7 10. O-O O-O 11. Bd2 Nb6 12. Ne5 Bd6 13. Bg5 Be7 14. Re1
h6 15. Bxf6 Bxf6 16. Qb3 Rc8 17. Rac1 Re8 18. f4 Re6 19. Qd1 a6 20. Qh5 Rc7 21.
Qh3 Nc4 22. Rc2 Rce7 23. Rce2 Qb6 24. Qd3 Nxe5 25. fxe5 Rxe5 26. Rxe5 Rxe5 27.
Rxe5 Bxe5 28. Ne2 Bf6 29. b3 Qa5 30. Nc3 Qd8 31. Ne2 Qe7 32. Kf1 Qb4 33. Nf4
Qxd4 34. Qxd4 Bxd4 35. Nxd5 Kf8 36. Ke2 Be5 37. Kd3 Bxh2 38. Kc4 Bd6 39. b4 Ke8
40. b5 axb5+ 41. Kxb5 g5 42. Nf6+ Ke7 43. Ng8+ Ke6 44. Nxh6 f5 45. a4 Bf8 46.
Ng4 fxg4 47. Kb6 Bb4 48. a5 Kf5 49. Kb5 Bxa5 50. Kxa5 Kf4 51. Kb6 Kg3 52. Kxb7
Kxg2 53. Kc6 Kh2 54. Kd5 g3 0-1

[Event "?"]
[Site "?"]
[Date "2013.07.19"]
[Round "1.20"]
[White "Hertling, Jürgen"]
[Black "Wilde, Christian"]
[Result "1-0"]
[WhiteElo "1415"]
[BlackElo "1223"]
[PlyCount "27"]
[EventDate "2013.??.??"]
[WhiteTeam "SF Köln-Mülheim e.V."]
[BlackTeam "SF Köln-Longerich 195"]

1. d4 Nf6 2. c4 d5 3. Nc3 e6 4. Bg5 Be7 5. Bxf6 Bxf6 6. Nf3 c6 7. e3 O-O 8. c5
Nd7 9. Bd3 e5 10. dxe5 Nxe5 11. Nxe5 Bxe5 12. Bxh7+ Kh8 13. Qh5 Qf6 14. Bg6+
1-0

[Event "?"]
[Site "?"]
[Date "2013.07.19"]
[Round "1.21"]
[White "Reiter, Ute"]
[Black "Havenith, Julia"]
[Result "0-1"]
[WhiteElo "1179"]
[BlackElo "1407"]
[PlyCount "100"]
[EventDate "2013.??.??"]
[WhiteTeam "Brühler SK 1920 e.V."]
[BlackTeam "SV Würselen 1926 e.V."]

1. e4 e5 2. Nf3 Nc6 3. Nc3 Nf6 4. Be2 Be7 5. O-O O-O 6. d3 d6 7. Re1 Bg4 8. h3
Bh5 9. Nh4 Bxe2 10. Nxe2 Nxe4 11. Nf5 Nf6 12. Neg3 Qd7 13. Nxe7+ Qxe7 14. Bg5
h6 15. Bxf6 Qxf6 16. Qg4 Nd4 17. Rac1 Qe6 18. Qxe6 Nxe6 19. Nf5 Rfe8 20. Ne3 c6
21. c4 Nc5 22. Rcd1 Rad8 23. b3 d5 24. cxd5 cxd5 25. d4 Na6 26. Kf1 e4 27. a3
g6 28. b4 b5 29. Rc1 Re6 30. Rc2 Red6 31. Rec1 f5 32. Rc8 Kg7 33. R8c3 h5 34.
Ke2 f4 35. Nf1 g5 36. f3 Kg6 37. Nd2 e3 38. Nb3 Kf5 39. Na5 R8d7 40. Nb3 g4 41.
h4 gxf3+ 42. gxf3 Rg6 43. Kf1 Rg3 44. Ke2 Rg2+ 45. Kd3 Re7 46. Rc8 e2 47. Rf8+
Kg6 48. Rc6+ Kg7 49. Rcc8 Re3+ 50. Kc2 e1=Q+ 0-1

[Event "?"]
[Site "?"]
[Date "2013.07.19"]
[Round "1.22"]
[White "Sewald, Kathrin"]
[Black "Biermann, Lenhard"]
[Result "1-0"]
[WhiteElo "1395"]
[BlackElo "1160"]
[PlyCount "135"]
[EventDate "2013.??.??"]
[WhiteTeam "SG Porz e.V."]
[BlackTeam "TuS Ende 1892 e.V."]

1. e4 e6 2. d4 d5 3. exd5 exd5 4. Nf3 Nf6 5. c3 c5 6. Bd3 Nc6 7. h3 Be6 8. O-O
Be7 9. Bb5 O-O 10. Bxc6 bxc6 11. Ne5 Rc8 12. Qa4 Qb6 13. Nd2 cxd4 14. cxd4 c5
15. Ndf3 cxd4 16. Nxd4 Qd6 17. Ndf3 Nd7 18. Bf4 Nxe5 19. Nxe5 Qb4 20. Qxb4 Bxb4
21. Nd3 Rc4 22. Rfd1 Bf5 23. Nxb4 Rxb4 24. Bd6 Rxb2 25. Bxf8 Kxf8 26. Rxd5 Be6
27. Ra5 Rb7 28. a4 Ke7 29. Rb5 Rc7 30. Rab1 Bc8 31. Rd5 Bd7 32. Re1+ Be6 33. f4
Kf6 34. Rd6 g6 35. Kf2 Rc4 36. Ra1 Rxf4+ 37. Ke3 Rb4 38. Ra6 Rb3+ 39. Kd4 Rb4+
40. Kc5 Rc4+ 41. Kd6 Rd4+ 42. Kc7 Rc4+ 43. Kb7 Rb4+ 44. Kxa7 Kg7 45. Rb6 Rc4
46. a5 Rc7+ 47. Rb7 Rxb7+ 48. Kxb7 Bd5+ 49. Kb8 Bxg2 50. h4 Kh6 51. a6 Kh5 52.
Ra4 Bc6 53. Rb4 g5 54. hxg5 Kxg5 55. a7 h5 56. Rb7 Bxb7 57. Kxb7 h4 58. a8=Q f5
59. Kc6 h3 60. Kd5 Kg4 61. Qg8+ Kf4 62. Qg1 Kf3 63. Ke5 f4 64. Kf5 Ke2 65. Kxf4
h2 66. Qxh2+ Kf1 67. Ke3 Ke1 68. Qe2# 1-0

[Event "?"]
[Site "?"]
[Date "2013.07.19"]
[Round "1.23"]
[White "Schröter, Heinz-Jürgen"]
[Black "Müller, Adrian"]
[Result "0-1"]
[WhiteElo "1160"]
[BlackElo "1382"]
[PlyCount "26"]
[EventDate "2013.??.??"]
[WhiteTeam "SV Horrem 1948"]
[BlackTeam "SV Fideler Bauer Lever"]

1. d4 Nf6 2. c4 g6 3. Nc3 Bg7 4. e4 d6 5. Bg5 O-O 6. Nf3 Nbd7 7. Nd5 h6 8. e5
Nxd5 9. cxd5 hxg5 10. Nxg5 dxe5 11. dxe5 Nxe5 12. Be2 e6 13. dxe6 Qxg5 0-1

[Event "?"]
[Site "?"]
[Date "2013.07.19"]
[Round "1.24"]
[White "Pohl, Stefan"]
[Black "Petersohn, Sadko"]
[Result "1-0"]
[WhiteElo "1363"]
[BlackElo "1078"]
[PlyCount "115"]
[EventDate "2013.??.??"]
[WhiteTeam "Klub Kölner SF e.V. 1"]
[BlackTeam "VfB Schach Leipzig e.V."]

1. e4 Nc6 2. d4 e6 3. g3 d5 4. exd5 exd5 5. Nc3 Bb4 6. Qd3 Qe7+ 7. Nge2 Bxc3+
8. Qxc3 Qe4 9. f3 Qe7 10. Bg2 h6 11. O-O Nf6 12. Re1 O-O 13. Nf4 Qb4 14. Bd2
Qxd4+ 15. Kh1 Qxc3 16. Bxc3 d4 17. Bd2 Bf5 18. Nd3 Rfe8 19. Bf4 Rxe1+ 20. Rxe1
Bxd3 21. cxd3 Re8 22. Rxe8+ Nxe8 23. Kg1 Nb4 24. Bf1 Nxa2 25. Be5 c5 26. Bb8
Nf6 27. Bxa7 Nd7 28. Bh3 Ne5 29. Bxc5 Nxf3+ 30. Kf2 Ne5 31. Bxd4 Nxd3+ 32. Ke3
Ndb4 33. Bg2 Nc2+ 34. Ke4 Nxd4 35. Kxd4 b6 36. Kc4 Nc1 37. Kb5 Nd3 38. b3 Nc5
39. Bd5 Nd3 40. Kxb6 Kf8 41. Ka5 g5 42. b4 Nxb4 43. Kxb4 f5 44. Kc4 Ke7 45. Kd4
Kf6 46. Bb3 h5 47. Bc4 f4 48. gxf4 gxf4 49. Ke4 Kg5 50. Kf3 Kf5 51. h4 Ke5 52.
Bd3 Kf6 53. Kxf4 Ke6 54. Kg5 Ke5 55. Bf5 Kd6 56. Kxh5 Ke7 57. Kg6 Kf8 58. Be6
1-0

[Event "?"]
[Site "?"]
[Date "2013.07.19"]
[Round "1.25"]
[White "Jakob, Gudrun"]
[Black "Klein, Markus"]
[Result "0-1"]
[WhiteElo "1033"]
[BlackElo "1355"]
[PlyCount "112"]
[EventDate "2013.??.??"]
[WhiteTeam "Klub Kölner SF e.V. 1"]
[BlackTeam "SK Sülz-Klettenberg"]

1. e4 e5 2. Nf3 d6 3. Bc4 Be7 4. Nc3 c6 5. d4 exd4 6. Nxd4 Nf6 7. Bf4 O-O 8.
O-O Nbd7 9. Re1 Nb6 10. Bb3 c5 11. Nde2 Ne8 12. a4 Bd7 13. a5 Nc8 14. e5 dxe5
15. Bxe5 Bf6 16. Bg3 Ne7 17. Nf4 Qc8 18. Nfd5 Nxd5 19. Nxd5 Bd8 20. h3 Nf6 21.
Nf4 Bc7 22. Nd5 Nxd5 23. Bxd5 Bxg3 24. fxg3 Bc6 25. c4 Rd8 26. Qf3 Bxd5 27.
cxd5 Qd7 28. Rad1 Rac8 29. d6 Re8 30. Rxe8+ Rxe8 31. Qc3 Rc8 32. Re1 h6 33. Qe5
b6 34. Qe7 Rd8 35. axb6 axb6 36. Qxd7 Rxd7 37. Rd1 f6 38. Kf2 Kf7 39. Ke3 Ke6
40. Kf4 g6 41. h4 Rxd6 42. Rxd6+ Kxd6 43. Ke4 Ke6 44. g4 f5+ 45. gxf5+ gxf5+
46. Kf4 c4 47. g4 fxg4 48. Kxg4 b5 49. Kh5 b4 50. Kxh6 Kf6 51. h5 c3 52. bxc3
bxc3 53. Kh7 c2 54. h6 c1=Q 55. Kh8 Qxh6+ 56. Kg8 Qg7# 0-1

[Event "?"]
[Site "?"]
[Date "2013.07.19"]
[Round "1.26"]
[White "Eichhorn, Mike"]
[Black "Lennartz, Tim"]
[Result "1-0"]
[WhiteElo "1354"]
[BlackElo "1028"]
[PlyCount "141"]
[EventDate "2013.??.??"]
[WhiteTeam "VfB Schach Leipzig e.V."]
[BlackTeam "DJK Arminia Eilendorf 1919 e.V."]

1. e4 e5 2. Nf3 Nc6 3. Bb5 a6 4. Bxc6 dxc6 5. d3 Nf6 6. Bg5 Be7 7. Nc3 O-O 8.
Nxe5 Bd6 9. Nf3 h6 10. Be3 Bg4 11. h3 Bh5 12. g4 Bg6 13. e5 Bxe5 14. Nxe5 Bh7
15. Qd2 Re8 16. Nc4 b5 17. Na5 b4 18. Ne2 Qd5 19. Rg1 Qxa5 20. g5 Nd5 21. gxh6
g6 22. Nd4 c5 23. Nb3 Qb6 24. O-O-O a5 25. Bxc5 Qf6 26. Bd4 Qf4 27. Qxf4 Nxf4
28. Rde1 Ne2+ 29. Rxe2 Rxe2 30. Nc5 a4 31. Ne4 Re8 32. Kd1 R2xe4 33. dxe4 Rd8
34. c3 c5 35. Ke2 cxd4 36. cxd4 Rxd4 37. Rc1 f6 38. Rc8+ Kf7 39. Rc7+ Kf8 40.
Rxh7 Rxe4+ 41. Kf3 Rh4 42. Kg3 Rh5 43. Rb7 Rxh6 44. Rxb4 f5 45. Rxa4 Rh5 46.
Rh4 Rg5+ 47. Kf3 Ke7 48. Ke3 Ke6 49. a4 Rg1 50. b4 Ra1 51. b5 Kd6 52. Rb4 Kc5
53. Rh4 g5 54. Rh5 Ra3+ 55. Ke2 Rxa4 56. Rxg5 Re4+ 57. Kf3 Re5 58. Kf4 Rd5 59.
Rxf5 Rxf5+ 60. Kxf5 Kxb5 61. Kg4 Kc5 62. f4 Kd5 63. Kg5 Ke6 64. h4 Kf7 65. h5
Kg7 66. f5 Kh7 67. f6 Kg8 68. Kg6 Kf8 69. f7 Ke7 70. Kg7 Ke6 71. f8=Q 1-0